Focus (Record no. 82719)

MARC details
000 -LEADER
fixed length control field 01088cab a22002175a 4500
001 - CONTROL NUMBER
control field L151167
008 - FIXED-LENGTH DATA ELEMENTS--GENERAL INFORMATION
fixed length control field 101005e20101002xxk 000 0 eng d
035 ## - SYSTEM CONTROL NUMBER
System control number (Sirsi) u151167
041 0# - LANGUAGE CODE
Language code of text/sound track or separate title eng
100 1# - MAIN ENTRY--PERSONAL NAME
Personal name Thame, David
245 00 - TITLE STATEMENT
Title Focus
Remainder of title Berks, Bucks and Oxfordshire
260 ## - PUBLICATION, DISTRIBUTION, ETC.
Date of publication, distribution, etc. 2010
490 ## - SERIES STATEMENT
Series statement Estates Gazette
Volume/sequential designation (1039) 2 October 2010, 89-102(11)
520 ## - SUMMARY, ETC.
Summary, etc. Pinewood Studio's plans to build a film studio and housing scheme on green belt land at Iver Heath. Comments on how how towns along the Thames Valley Corridor such as Reading, Milton Keynes, Oxford, High Wycombe, Slough and Bracknell are dealing with the economic downturn. Following the Coalition Government's abolition of Regional Spatial Strategies assesses the affect on planning and house building targets. Review office, industrial and retail take-up, availability and rents along the Western Corridor and Thames Valley.
590 ## - LOCAL NOTE (RLIN)
Local note KA
651 #4 - SUBJECT ADDED ENTRY--GEOGRAPHIC NAME
Geographic name Buckinghamshire
651 #4 - SUBJECT ADDED ENTRY--GEOGRAPHIC NAME
Geographic name Berkshire
651 #4 - SUBJECT ADDED ENTRY--GEOGRAPHIC NAME
Geographic name Oxfordshire
690 ## - LOCAL SUBJECT ADDED ENTRY--TOPICAL TERM (OCLC, RLIN)
Topical term or geographic name as entry element PROPERTY-COMMERCIAL PROPERTY-COMMERCIAL PROPERTY MARKET
942 ## - ADDED ENTRY ELEMENTS (KOHA)
Suppress in OPAC 0
Holdings
Withdrawn status Lost status Source of classification or shelving scheme Damaged status Not for loan Home library Current library Shelving location Date acquired Total Checkouts Full call number Barcode Date last seen Copy number Price effective from Koha item type
    Dewey Decimal Classification     London London Journal article 05/10/2010   L151167 151167-1001 06/08/2019 1 06/08/2019 Journal article